| 000 | 00627nam 2200169 4500 | ||
|---|---|---|---|
| 001 | 5998 | ||
| 090 | _a5998 | ||
| 100 | _a20190729k u||y0frey50 ba | ||
| 101 | _afre | ||
| 200 |
_aLe Mouvement Maxiste-Leniniste dans l'impasse ? _bBrochure _ebilan de la crise et perspectives _fune contribution à la discussion de Harald Fritschi |
||
| 210 |
_aZurich _cEditions du Drapeau rouge _d1980 |
||
| 215 |
_a44 p. _d21 cm |
||
| 225 |
_aDrapeau rouge _dRote Fahne _eSpécial théorie _v2, octobre 1980 |
||
| 606 |
_9509 _aMarxisme-léninisme |
||
| 700 |
_9122 _aFritschi _bHarald |
||
| 712 |
_953 _aParti Communiste de Suisse (PCS) |
||
| 801 |
_aCH _bCH-002049-8 |
||